نظام مجلس التعليم العالي والجامعات ولوائحه / (Record no. 4102)
[ view plain ]
| 000 -LEADER | |
|---|---|
| fixed length control field | 00879nam a2200193 a 4500 |
| 001 - CONTROL NUMBER | |
| control field | 4104 |
| 005 - DATE AND TIME OF LATEST TRANSACTION | |
| control field | 20221127090857.0 |
| 008 - FIXED-LENGTH DATA ELEMENTS--GENERAL INFORMATION | |
| fixed length control field | 150219s lsu a l o00000|ara d |
| 020 ## - INTERNATIONAL STANDARD BOOK NUMBER | |
| International Standard Book Number | 9960575888 |
| 035 ## - SYSTEM CONTROL NUMBER | |
| System control number | 707 |
| 082 04 - DEWEY DECIMAL CLASSIFICATION NUMBER | |
| Classification number | 344.53107684 |
| Item number | س403 |
| 110 0# - MAIN ENTRY--CORPORATE NAME | |
| Corporate name or jurisdiction name as entry element | السعودية. |
| Subordinate unit | وزارة التعليم العالي. |
| -- | مجلس التعليم العالي. |
| 245 10 - TITLE STATEMENT | |
| Title | نظام مجلس التعليم العالي والجامعات ولوائحه / |
| Statement of responsibility, etc. | مجلس التعليم العالي - وزارة التعليم العالي. |
| 250 ## - EDITION STATEMENT | |
| Edition statement | طبعة 4، محدثة. |
| 260 ## - PUBLICATION, DISTRIBUTION, ETC. | |
| Place of publication, distribution, etc. | الرياض : |
| Name of publisher, distributor, etc. | وزارة التعليم العالي، |
| Date of publication, distribution, etc. | 2015. |
| 300 ## - PHYSICAL DESCRIPTION | |
| Extent | 424 ص. ؛ |
| Dimensions | 24 سم. |
| 650 #4 - SUBJECT ADDED ENTRY--TOPICAL TERM | |
| Topical term or geographic name entry element | التعليم العالي |
| Form subdivision | قوانين وتشريعات |
| Geographic subdivision | السعودية. |
| 650 #4 - SUBJECT ADDED ENTRY--TOPICAL TERM | |
| Topical term or geographic name entry element | الجامعات والكليات |
| Form subdivision | قوانين وتشريعات |
| Geographic subdivision | السعودية. |
| Withdrawn status | Lost status | Source of classification or shelving scheme | Damaged status | Not for loan | Home library | Current library | Date acquired | Total Checkouts | Full call number | Barcode | Date last seen | Copy number | Price effective from | Koha item type |
|---|---|---|---|---|---|---|---|---|---|---|---|---|---|---|
| CENTRAL | CENTRAL | 11/27/2022 | 344.53107684 س403 | 10000000012499 | 11/27/2022 | C1 | 11/27/2022 | Reference | ||||||
| CENTRAL | CENTRAL | 11/27/2022 | 344.53107684 س403 | 10000000012498 | 11/27/2022 | C2 | 11/27/2022 | Reference |
